MARC

LEADER 00000nam0a2200000 4500
001 32856
005 20231030205456.0
035 |a (RuTPU)RU\TPU\book\33159 
035 |a BOOK00001250 
090 |a 32856 
100 |a 20011210d1979 k y0rusy50 ca 
101 1 |a rus  |c eng 
102 |a RU 
105 |a a z 001zy 
200 1 |a Самоорганизация в неравновесных системах  |e пер. с англ.  |f Г. Николис, И. Пригожин 
210 |a Москва  |c Мир  |d 1979 
215 |a 512 с.  |c ил. 
320 |a Библиогр.: с. 491-500 (433 назв.). 
320 |a Предм. указ.: с. 503-506. 
517 1 |a От диссипативных структур к упорядоченности через флуктуации 
610 1 |a термодинамика 
610 1 |a открытые системы 
610 1 |a равновесие 
610 1 |a периодические процессы 
610 1 |a необратимые процессы 
610 1 |a самоорганизация 
610 1 |a математические методы 
610 1 |a моделирование 
610 1 |a стохастические методы 
610 1 |a химические реакции 
610 1 |a популяции 
610 1 |a эволюция 
610 1 |a динамика 
610 1 |a экосистемы 
610 1 |a флуктуации 
675 |a 536.7  |v 3 
700 1 |a Николис  |b Г. 
701 1 |a Пригожин  |b И. 
801 0 |a RU  |b 63413507  |c 20011210  |g PSBO 
801 2 |a RU  |b 63413507  |c 20070809  |g PSBO 
942 |c BK